<?xml version="1.0" encoding="UTF-8"?>
<record
    xmlns:xsi="http://www.w3.org/2001/XMLSchema-instance"
    xsi:schemaLocation="http://www.loc.gov/MARC21/slim http://www.loc.gov/standards/marcxml/schema/MARC21slim.xsd"
    xmlns="http://www.loc.gov/MARC21/slim">

  <leader>02740cam a22003858i 4500</leader>
  <controlfield tag="001">23941811</controlfield>
  <controlfield tag="003">US-DLC</controlfield>
  <controlfield tag="005">20251109094720.0</controlfield>
  <controlfield tag="006">m    |o  d |     </controlfield>
  <controlfield tag="007">cr_|||||||||||</controlfield>
  <controlfield tag="008">240826s2025    enk     ob    001 0 eng  </controlfield>
  <datafield tag="010" ind1=" " ind2=" ">
    <subfield code="a">  2024032377</subfield>
  </datafield>
  <datafield tag="020" ind1=" " ind2=" ">
    <subfield code="z">9781003204039</subfield>
    <subfield code="q">(ebook)</subfield>
  </datafield>
  <datafield tag="020" ind1=" " ind2=" ">
    <subfield code="z">9781032068251</subfield>
    <subfield code="q">(hardback)</subfield>
  </datafield>
  <datafield tag="020" ind1=" " ind2=" ">
    <subfield code="a">9781032068190</subfield>
    <subfield code="q">(paperback)</subfield>
  </datafield>
  <datafield tag="035" ind1=" " ind2=" ">
    <subfield code="a">23941811</subfield>
  </datafield>
  <datafield tag="040" ind1=" " ind2=" ">
    <subfield code="a">au</subfield>
    <subfield code="b">eng</subfield>
    <subfield code="c">DLC</subfield>
    <subfield code="e">rda</subfield>
    <subfield code="d">au</subfield>
  </datafield>
  <datafield tag="042" ind1=" " ind2=" ">
    <subfield code="a">pcc</subfield>
  </datafield>
  <datafield tag="049" ind1=" " ind2=" ">
    <subfield code="a">Alfaisal Main Library</subfield>
  </datafield>
  <datafield tag="050" ind1="0" ind2="0">
    <subfield code="a"> JZ1305</subfield>
    <subfield code="b">.B3724 2025</subfield>
  </datafield>
  <datafield tag="100" ind1="1" ind2=" ">
    <subfield code="a">Barston, R. P.</subfield>
    <subfield code="q">(Ronald Peter),</subfield>
    <subfield code="e">author.</subfield>
  </datafield>
  <datafield tag="245" ind1="1" ind2="0">
    <subfield code="a">Diplomatic methods /</subfield>
    <subfield code="c">R.P. Barston.</subfield>
  </datafield>
  <datafield tag="260" ind1=" " ind2=" ">
    <subfield code="c">2025</subfield>
  </datafield>
  <datafield tag="264" ind1=" " ind2="1">
    <subfield code="a">London ;</subfield>
    <subfield code="a">New York :</subfield>
    <subfield code="b">Routledge, Taylor &amp; Francis Group,</subfield>
    <subfield code="c">2025.</subfield>
  </datafield>
  <datafield tag="300" ind1=" " ind2=" ">
    <subfield code="a">275 pages </subfield>
  </datafield>
  <datafield tag="336" ind1=" " ind2=" ">
    <subfield code="a">text</subfield>
    <subfield code="b">txt</subfield>
    <subfield code="2">rdacontent</subfield>
  </datafield>
  <datafield tag="337" ind1=" " ind2=" ">
    <subfield code="a">computer</subfield>
    <subfield code="b">c</subfield>
    <subfield code="2">rdamedia</subfield>
  </datafield>
  <datafield tag="504" ind1=" " ind2=" ">
    <subfield code="a">Includes bibliographical references and index.</subfield>
  </datafield>
  <datafield tag="505" ind1="0" ind2=" ">
    <subfield code="a">Introduction -- Orientation -- Time as method in diplomacy -- Summit diplomacy -- Economic statecraft -- Environmental diplomacy -- Treaties : second thoughts, revision and withdrawal -- Parallel diplomacy -- Counter diplomacy -- Logistics diplomacy -- An alternative architecture -- Diplomacy in conflicts -- Conclusion.</subfield>
  </datafield>
  <datafield tag="520" ind1=" " ind2=" ">
    <subfield code="a">"This comprehensive volume examines developments in diplomatic technique and changes in the diplomatic and political structures which both shape, and are shaped, by international relations and the international order. It provides a comprehensive foundation for understanding the theory, practice and utility of diplomacy showing how diplomatic techniques are used in different contexts and the various tools that are available to policy actors to provide a broad yet deep view of the subject area. Organised around a framework of eleven main chapters, the book embraces new ideas and fresh perspectives exploring individual methods such as reorientation, replacement institutions to combat decline or ineffectiveness of exiting arrangements, summit conferences, contrasting approaches to economic agreements, and use of secret diplomatic methods, among others. Furthermore, it develops new concepts such as logistics diplomacy, counter diplomacy, parallel diplomacy and the 'alternative architecture'. This textbook will be essential reading for all those interested in or studying in the fields of diplomacy, comparative foreign policy, foreign policy analysis and more broadly to international relations"--</subfield>
  </datafield>
  <datafield tag="650" ind1=" " ind2="0">
    <subfield code="a">Diplomacy.</subfield>
  </datafield>
  <datafield tag="655" ind1=" " ind2="0">
    <subfield code="a">Print books.</subfield>
    <subfield code="2">local</subfield>
    <subfield code="9">4</subfield>
  </datafield>
  <datafield tag="776" ind1="0" ind2="8">
    <subfield code="i">Print version:</subfield>
    <subfield code="a">Barston, R. P.</subfield>
    <subfield code="t">Diplomatic methods</subfield>
    <subfield code="d">London ; New York : Routledge, Taylor &amp; Francis Group, 2025</subfield>
    <subfield code="z">9781032068251</subfield>
    <subfield code="w">(DLC) 2024032376</subfield>
  </datafield>
  <datafield tag="942" ind1=" " ind2=" ">
    <subfield code="2">lcc</subfield>
    <subfield code="c">BOOKS</subfield>
  </datafield>
  <datafield tag="999" ind1=" " ind2=" ">
    <subfield code="c">607837</subfield>
    <subfield code="d">607837</subfield>
  </datafield>
  <datafield tag="952" ind1=" " ind2=" ">
    <subfield code="0">0</subfield>
    <subfield code="1">0</subfield>
    <subfield code="2">lcc</subfield>
    <subfield code="4">0</subfield>
    <subfield code="7">0</subfield>
    <subfield code="a">AU</subfield>
    <subfield code="b">AU</subfield>
    <subfield code="c">GEN</subfield>
    <subfield code="d">2025-11-09</subfield>
    <subfield code="l">0</subfield>
    <subfield code="o"> JZ1305 .B3724 2025</subfield>
    <subfield code="p">AU00000000020692</subfield>
    <subfield code="r">2025-11-09 09:48:17</subfield>
    <subfield code="v">285.00</subfield>
    <subfield code="w">2025-11-09</subfield>
    <subfield code="y">BOOKS</subfield>
  </datafield>
</record>
